Sports Quiz

Random Sports or Soccer Quiz

World Cup Final Four Quiz Stats

 Plays Quiz Updated Jul 15, 2018

Support Sporcle.
Go Orange.
Score 0/84 Timer 04:00
124 Plays Today
Year Team % Correct
1938Brazil
98.8%
1950Brazil
98.8%
1958Brazil
98.8%
1962Brazil
98.8%
1970Brazil
98.8%
1974Brazil
98.8%
1978Brazil
98.8%
1994Brazil
98.8%
1998Brazil
98.8%
2002Brazil
98.8%
2014Brazil
98.6%
2018France
98.6%
2014Germany
98.4%
1934Germany
98.2%
2002Germany
98.2%
2006Germany
98.2%
2014Argentina
97.7%
1958France
97.4%
1982France
97.4%
1986France
97.4%
1998France
97.4%
2006France
97.4%
2018England
97.3%
1934Italy
96.9%
1938Italy
96.9%
1970Italy
96.9%
1978Italy
96.9%
1982Italy
96.9%
Year Team % Correct
1990Italy
96.9%
1994Italy
96.9%
2006Italy
96.9%
1930Argentina
96.8%
1978Argentina
96.8%
1986Argentina
96.8%
1990Argentina
96.8%
1950Spain
96.8%
1966England
95.7%
1990England
95.7%
2018Croatia
94.4%
2014Netherlands
93.2%
2018Belgium
91.8%
1974Netherlands
90.9%
1978Netherlands
90.9%
1998Netherlands
90.9%
1930Uruguay
89.5%
1950Uruguay
89.5%
1954Uruguay
89.5%
1970Uruguay
89.5%
1966Portugal
89%
2006Portugal
89%
1954West Germany
85.1%
1958West Germany
85.1%
1966West Germany
85.1%
1970West Germany
85.1%
1974West Germany
85.1%
1982West Germany
85.1%
Year Team % Correct
1986West Germany
85.1%
1990West Germany
85.1%
2010Germany
84.6%
2010Spain
83.8%
1930United States
81.5%
2010Netherlands
80.4%
2010Uruguay
79.5%
1938Sweden
77%
1950Sweden
77%
1958Sweden
77%
1994Sweden
77%
2002South Korea
72.9%
1962Chile
71.8%
1966USSR
68.5%
1986Belgium
67.2%
1998Croatia
64.3%
2002Turkey
62.6%
1938Hungary
60.9%
1954Hungary
60.9%
1974Poland
60.5%
1982Poland
60.5%
1930Yugoslavia
50.5%
1962Yugoslavia
50.5%
1934Czechoslovakia
50%
1962Czechoslovakia
50%
1934Austria
48.8%
1954Austria
48.8%
1994Bulgaria
43.5%

You're not logged in!

Compare scores with friends on all Sporcle quizzes.
OR
Log In

From the Vault

Quick Math Challenge VI

by RobPro

In our minds, quick + math = calculator.
Remove Ads.
Support Sporcle.
Get the best of Sporcle when you Go Orange. This ad-free experience offers more features, more stats, and more fun while also helping to support Sporcle. Thank you for becoming a member.

Show Comments

Extras

Top Quizzes Today


Score Distribution

Your Account Isn't Verified!

In order to create a playlist on Sporcle, you need to verify the email address you used during registration. Go to your Sporcle Settings to finish the process.

Report this User

Report this user for behavior that violates our Community Guidelines.

Details: